[Event "Oslo NOR"]
[Site "?"]
[Date "2006.06.07"]
[Round "1"]
[White "Lie Espen"]
[Black "Hanssen Gunnar Berg"]
[Result "1-0"]
[WhiteElo "2357"]
[BlackElo "2254"]
[PlyCount "109"]
[EventDate "2006.??.??"]
[Source "www.chesslib.no"]
[SourceDate "2004.05.04"]

1. c4 Nf6 2. g3 c6 3. Nf3 d5 4. b3 Bf5 5. Bg2 e6 6. O-O Nbd7 7. Bb2 h6 8. d3 Bc5 9. Nbd2 O-O 10. Re1 Bh7 11. e4 dxe4 12. dxe4 Qc7 13. Qe2 Bg6 14. h3 Rfd8 15. e5 Ne8 16. Nh4 Bh7 17. Kh2 Be7 18. Nhf3 a5 19. Ne4 Nc5 20. Nxc5 Bxc5 21. Nd2 Bb4 22. Ne4 Bxe1 23. Rxe1 a4 24. b4 Bxe4 25. Bxe4 Qe7 26. Bc3 Rd7 27. Bc2 Rad8 28. Kg2 g6 29. Qe3 Kh7 30. Re2 Ng7 31. Bd2 Qg5 32. f4 Qe7 33. g4 Rd4 34. f5 Qh4 35. fxg6+ fxg6 36. Be4 Rxc4 37. Rf2 Rcd4 38. Bc1 Qg5 39. Qxg5 hxg5 40. Bxg5 R8d7 41. Bc2 Rxb4 42. Kg3 Rc4 43. Bb1 Rd1 44. Rf7 Rc3+ 45. Kh4 Rxb1 46. Bf6 Kg8 47. Rxg7+ Kf8 48. Kg5 Rxh3 49. Kxg6 Rbh1 50. g5 Rh8 51. Rf7+ Ke8 52. Re7+ Kf8 53. Rf7+ Ke8 54. Bxh8 Rxh8 55. Kf6 1-0

[Event "DEN Ch"]
[Site "Hjorring"]
[Date "1971.??.??"]
[Round "6"]
[White "Sorensen, Bent"]
[Black "Brinck-Claussen, Bjorn"]
[Result "1/2-1/2"]
[WhiteElo "2200"]
[BlackElo "2410"]
[PlyCount "58"]
[EventDate "1971.??.??"]
[Source "www.chesslib.no"]
[SourceDate "2004.05.04"]

1. Nf3 Nf6 2. c4 c6 3. g3 d5 4. b3 Bf5 5. Bg2 e6 6. O-O Nbd7 7. Bb2 h6 8. d3 Be7 9. Nbd2 O-O 10. Re1 Bh7 11. Ne5 Nxe5 12. Bxe5 a5 13. e4 dxe4 14. Nxe4 Bxe4 15. Bxe4 Nd7 16. d4 Nxe5 17. dxe5 Qxd1 18. Rexd1 Rfd8 19. Kf1 Kf8 20. Rxd8+ Rxd8 21. Ke2 Bc5 22. f3 Ke7 23. Rd1 Bd4 24. f4 Rd7 25. Bc2 c5 26. a4 Rd8 27. Kf3 Rg8 28. h4 h5 29. Be4 b6 1/2-1/2

[Event "Wuerttemberg Ch"]
[Site "Zell"]
[Date "1991.??.??"]
[Round "4"]
[White "Hoensch, Matthias"]
[Black "Heidenfeld, Mark"]
[Result "1-0"]
[WhiteElo "2325"]
[BlackElo "2280"]
[PlyCount "83"]
[EventDate "1991.??.??"]
[Source "www.chesslib.no"]
[SourceDate "2004.05.04"]

1. Nf3 Nf6 2. c4 c6 3. g3 d5 4. b3 Bf5 5. Bg2 e6 6. O-O h6 7. Bb2 Nbd7 8. d3 Bh7 9. Nbd2 Be7 10. Qc2 O-O 11. a3 Re8 12. b4 Qc7 13. cxd5 exd5 14. Nb3 Bd6 15. Rac1 Re7 16. Nbd4 Rae8 17. Qb3 Qb6 18. Bc3 a5 19. Qb2 axb4 20. axb4 Ra8 21. Ra1 Ree8 22. Rfb1 Rec8 23. Bh3 Bf8 24. Nf5 Bxf5 25. Bxf5 Re8 26. e3 Qc7 27. Kg2 Qd6 28. Rxa8 Rxa8 29. Ra1 Qb8 30. Ne5 Rxa1 31. Qxa1 Qc7 32. Nxd7 Nxd7 33. f4 Nb8 34. Be5 Qd8 35. Qa8 Bd6 36. Qxb7 g6 37. Bxg6 Qe7 38. Qc8+ Qf8 39. Qxf8+ Bxf8 40. Bxf7+ Kxf7 41. Bxb8 Bxb4 42. g4 1-0